00000000nam 2200000zi 4500
0019.944044
003CaOODSP
00520250123093502
006m     o  d f      
007cr mn|||||||||
008241010e202410##quca    obs  f000 0 fre d
020 |a9780660739960
040 |aCaOODSP|bfre|erda|cCaOODSP
043 |an-cn---
045 |ay0y2
0861 |aEn4-144/71-1-2024F-PDF
24500|aIndicateurs canadiens de durabilité de l'environnement : |bréacheminement et élimination des déchets solides.
24610|aRéacheminement et élimination des déchets solides
250 |a[Édition d'octobre 2024].
264 1|aGatineau (Québec) : |bEnvironnement et changement climatique Canada = Environment and Climate Change Canada, |coctobre 2024.
264 4|c©2024
300 |a1 ressource en ligne (19 pages) : |billustrations en couleur
336 |atexte|btxt|2rdacontent/fre
337 |ainformatique|bc|2rdamedia/fre
338 |aressource en ligne|bcr|2rdacarrier/fre
500 |aPublié aussi en anglais sous le titre : Canadian environmental sustainability indicators: solid waste diversion and disposal.
500 |a« Code de projet : EC24019 » -- Page 2.
504 |aComprend des références bibliographiques.
520 |a« La manière dont nos économies extraient, utilisent, puis éliminent les ressources exerce une pression sur les systèmes naturels, les communautés et la santé publique. Prévenir et réacheminer les déchets en les réutilisant, réparant, reconditionnant, refabriquant, convertissant, recyclant, et en les compostant est un élément clé de l'économie circulaire qui peut aider à diminuer les impacts des déchets solides sur l'environnement. L'économie circulaire vise à conserver les produits, les matériaux et les ressources en service le plus longtemps possible, puis à les détourner des sites d'enfouissement pour les réutiliser d'une manière ou d'une autre. Actuellement, la majorité des déchets collectés aboutit dans des sites d'enfouissement et une petite quantité est incinérée. Cela peut causer des émissions de gaz à effet de serre, des émissions de polluants atmosphériques, la perturbation des sols et la pollution de l'eau. L'extraction et le traitement de ressources de remplacement contribuent aux émissions et à la pollution. Ces indicateurs font le suivi de la quantité de déchets solides réacheminés et éliminés au Canada. Ils suivent le progrès de la Stratégie fédérale de développement durable 2022 à 2026 par rapport à la cible : D'ici 2030, réduire de 30 % la quantité de déchets que les Canadiens envoient à l'élimination, par rapport à la base de référence de 2014 » -- Page 5.
650 6|aDéchets|xÉlimination|zCanada|vStatistiques.
650 6|aIndicateurs écologiques|zCanada.
655 7|aStatistiques|2rvmgf
7101 |aCanada. |bEnvironnement et changement climatique Canada, |eorganisme de publication.
77508|tCanadian environmental sustainability indicators : |w(CaOODSP)9.944042
795 |tIndicateurs canadiens de durabilité de l'environnement : |b(Janvier 2024)|w(CaOODSP)9.932311
85640|qPDF|s1.02 Mo|uhttps://publications.gc.ca/collections/collection_2025/eccc/en4/En4-144-71-1-2024-fra.pdf
8564 |qHTML|sS.O.|uhttps://www.canada.ca/fr/environnement-changement-climatique/services/indicateurs-environnementaux/reacheminement-elimination-dechets-solides.html
986 |aEC24019